University Home | Library Home | Institutional Repository

Zambian Christian reflections with Scripture readings : (Record no. 216434)

MARC details
000 -LEADER
fixed length control field 00854nam a22002057a 4500
005 - DATE AND TIME OF LATEST TRANSACTION
control field 20260316093755.0
008 - FIXED-LENGTH DATA ELEMENTS--GENERAL INFORMATION
fixed length control field 260316b ||||| |||| 00| 0 eng d
040 ## - CATALOGING SOURCE
Original cataloging agency LC
Transcribing agency UNZA
Modifying agency UNZA
Description conventions RDA
050 ## - LIBRARY OF CONGRESS CALL NUMBER
Classification number ZAMB BR 125.5
Item number ROC 1978
100 ## - MAIN ENTRY--PERSONAL NAME
Personal name Rochford, Jude Maria
245 ## - TITLE STATEMENT
Title Zambian Christian reflections with Scripture readings :
Remainder of title a series of daily Zambian meditations, reflections, with points of self-examination and with Bible references /
Statement of responsibility, etc. Jude Maria Rochford ; with a foreword by Medardo J. Mazombwe.
260 ## - PUBLICATION, DISTRIBUTION, ETC.
Place of publication, distribution, etc. Ndola:
Name of publisher, distributor, etc. Mission Press,
Date of publication, distribution, etc. 1978.
300 ## - PHYSICAL DESCRIPTION
Extent xiii, 154 pages:
Other physical details illustrations.
504 ## - BIBLIOGRAPHY, ETC. NOTE
Bibliography, etc. note Includes bibliographical references.
650 ## - SUBJECT ADDED ENTRY--TOPICAL TERM
Topical term or geographic name entry element Youth
General subdivision Prayers and devotions
650 ## - SUBJECT ADDED ENTRY--TOPICAL TERM
Topical term or geographic name entry element Youth
Geographic subdivision Zambia
650 ## - SUBJECT ADDED ENTRY--TOPICAL TERM
Topical term or geographic name entry element Devotional calendars
General subdivision Catholic Church
700 ## - ADDED ENTRY--PERSONAL NAME
Personal name Mazombwe, Medardo J.
Relator term Forwarder
999 ## -
-- 216434
-- 216434
942 ## - ADDED ENTRY ELEMENTS (KOHA)
Koha item type Zambian collection
Holdings
Withdrawn status Lost status Source of classification or shelving scheme Damaged status Not for loan Home library Current library Shelving location Date acquired Total Checkouts Full call number Barcode Date last seen Copy number Price effective from Koha item type
    Library of Congress Classification     Main Library Main Library Special collections 03/16/2026   ZAMB BR 125.5 ROC 1978 33729000118815 03/16/2026 C.1 03/16/2026 Zambian collection
© 2026 - The University of Zambia Library - Koha v25.11